| 000 | 01054cam a2200337 a 4500 | ||
|---|---|---|---|
| 001 | 13808840 | ||
| 005 | 20170105102915.0 | ||
| 008 | 041207s2004 enk 000 0 eng | ||
| 010 | _a 2004275907 | ||
| 015 |
_aGBA4Y0602 _2bnb |
||
| 016 | 7 |
_a007714613 _2Uk |
|
| 020 | _a0745633463 | ||
| 020 | _a0745633471 (pbk.) | ||
| 035 | _a(OCoLC)ocm56441558 | ||
| 040 |
_aUKM _cUKM _dDLC |
||
| 042 | _alccopycat | ||
| 043 | _an-us--- | ||
| 050 | 0 | 0 |
_aJZ1480 _b.A97 2004 |
| 082 | 0 | 4 |
_a327.73 _222 |
| 245 | 0 | 0 |
_aAmerican power in the 21st century / _cedited by David Held & Mathias Koenig-Archibugi. |
| 260 |
_aCambridge, UK ; _aMalden, MA : _bPolity, _c2004. |
||
| 300 |
_ax, 299 p. ; _c24 cm. |
||
| 650 | 0 |
_aHegemony _zUnited States. |
|
| 650 | 0 |
_aWorld politics _y1995-2005. |
|
| 651 | 0 |
_aUnited States _xForeign relations _y21st century. |
|
| 700 | 1 | _aHeld, David. | |
| 700 | 1 | _aKoenig-Archibugi, Mathias. | |
| 906 |
_a7 _bcbc _ccopycat _d2 _encip _f20 _gy-gencatlg |
||
| 942 |
_2ddc _cBK |
||
| 999 |
_c15314 _d15314 |
||